Оценка эмоционального состояния человека методом линейного дискриминантного анализа; Перспективы развития фундаментальных наук; Т. 3 : Математика
| Источник: | Перспективы развития фундаментальных наук=Prospects of Fundamental Sciences Development: сборник научных трудов XVII Международной конференции студентов, аспирантов и молодых ученых, г. Томск, 21-24 апреля 2020 г./ Национальный исследовательский Томский политехнический университет (ТПУ) ; под ред. И. А. Курзиной, Г. А. Вороновой.— , 2020 Т. 3 : Математика.— 2020.— [С. 55-57] |
|---|---|
| Главный автор: | |
| Автор-организация: | |
| Другие авторы: | , , |
| Примечания: | Заглавие с экрана In the present study, we classify emotional state into two groups: normal state and stressful state, according to the parameters of registered signals by developed hardware-software complex, based on the linear discriminant analysis (LDA) method. The registered signals are electrocardiography (ECG), electroencephalography (EEG), galvanic skin response (GSR). Method LDA is widely used in biomedical research, and in the problems of diagnosing diseases. |
| Язык: | русский |
| Опубликовано: |
2020
|
| Предметы: | |
| Online-ссылка: | http://earchive.tpu.ru/handle/11683/63006 |
| Формат: | Электронный ресурс Статья |
| Запись в KOHA: | https://koha.lib.tpu.ru/cgi-bin/koha/opac-detail.pl?biblionumber=631573 |
MARC
| LEADER | 00000naa2a2200000 4500 | ||
|---|---|---|---|
| 001 | 631573 | ||
| 005 | 20231101133652.0 | ||
| 035 | |a (RuTPU)RU\TPU\conf\33274 | ||
| 035 | |a RU\TPU\conf\33272 | ||
| 090 | |a 631573 | ||
| 100 | |a 20200909d2020 k y0rusy50 ca | ||
| 101 | 0 | |a rus |d eng | |
| 102 | |a RU | ||
| 105 | |a y z 100zy | ||
| 135 | |a drcn ---uucaa | ||
| 181 | 0 | |a i | |
| 182 | 0 | |a b | |
| 200 | 1 | |a Оценка эмоционального состояния человека методом линейного дискриминантного анализа |d Assessment emotional state of a person by linear discriminant analysis |f Нгуен Данг Куанг, Чан Зюй Хынг, Чу Нгок Хай |g науч. рук. Д. К. Авдеева | |
| 203 | |a Текст |c электронный | ||
| 230 | |a 1 компьютерный файл (pdf; 203 Kb) | ||
| 300 | |a Заглавие с экрана | ||
| 320 | |a [Библиогр.: с. 57 (4 назв.)] | ||
| 330 | |a In the present study, we classify emotional state into two groups: normal state and stressful state, according to the parameters of registered signals by developed hardware-software complex, based on the linear discriminant analysis (LDA) method. The registered signals are electrocardiography (ECG), electroencephalography (EEG), galvanic skin response (GSR). Method LDA is widely used in biomedical research, and in the problems of diagnosing diseases. | ||
| 461 | 1 | |0 (RuTPU)RU\TPU\conf\32968 |t Перспективы развития фундаментальных наук |l Prospects of Fundamental Sciences Development |o сборник научных трудов XVII Международной конференции студентов, аспирантов и молодых ученых, г. Томск, 21-24 апреля 2020 г. |o в 7 т. |f Национальный исследовательский Томский политехнический университет (ТПУ) ; под ред. И. А. Курзиной, Г. А. Вороновой |d 2020 | |
| 463 | 1 | |0 (RuTPU)RU\TPU\conf\32971 |t Т. 3 : Математика |v [С. 55-57] |d 2020 | |
| 510 | 1 | |a Assessment emotional state of a person by linear discriminant analysis |z eng | |
| 610 | 1 | |a электронный ресурс | |
| 610 | 1 | |a труды учёных ТПУ | |
| 610 | 1 | |a эмоциональные состояния | |
| 610 | 1 | |a линейный анализ | |
| 610 | 1 | |a дискриминантный анализ | |
| 610 | 1 | |a стрессы | |
| 610 | 1 | |a биомедицинские исследования | |
| 610 | 1 | |a диагностика | |
| 610 | 1 | |a заболевания | |
| 700 | 0 | |a Нгуен Данг Куанг |c специалист в области неразрушающего контроля |c инженер Томского политехнического университета |f 1988- |2 stltpush |3 (RuTPU)RU\TPU\pers\35129 | |
| 701 | 0 | |a Чан Зюй Хынг | |
| 701 | 0 | |a Чу Нгок Хай | |
| 702 | 1 | |a Авдеева |b Д. К. |c специалист в области неразрушающего контроля |c профессор Томского политехнического университета, заведующий лабораторией медицинского приборостроения, доктор технических наук |f 1943- |g Диана Константиновна |2 stltpush |4 727 | |
| 712 | 0 | 2 | |a Национальный исследовательский Томский политехнический университет |b Инженерная школа неразрушающего контроля и безопасности |b Научно-производственная лаборатория "Медицинская инженерия" |h 7995 |2 stltpush |3 (RuTPU)RU\TPU\col\25418 |
| 801 | 2 | |a RU |b 63413507 |c 20200925 |g RCR | |
| 856 | 4 | |u http://earchive.tpu.ru/handle/11683/63006 | |
| 942 | |c BK | ||